<?xml version="1.0" encoding="UTF-8"?>
<collection xmlns:xsi="http://www.w3.org/2001/XMLSchema-instance" xsi:schemaLocation="http://www.loc.gov/MARC21/slim http://www.loc.gov/standards/marcxml/schema/MARC21slim.xsd" xmlns="http://www.loc.gov/MARC21/slim">
 <record>
  <leader>00000cab a22000004cb4500</leader>
  <controlfield tag="001">IPP-00000152731</controlfield>
  <controlfield tag="003">IPP</controlfield>
  <controlfield tag="005">20180619154816.0</controlfield>
  <controlfield tag="008">180619s2008    xx     d | ||r |||||eng||</controlfield>
  <datafield tag="041" ind1="#" ind2="#">
   <subfield code="a">eng</subfield>
  </datafield>
  <datafield tag="100" ind1="1" ind2="#">
   <subfield code="a">Ocampo, Romeo B.</subfield>
  </datafield>
  <datafield tag="245" ind1="1" ind2="0">
   <subfield code="a">From public administration to public management, from governance to governmentality</subfield>
   <subfield code="b">conceptual challenges to public administration</subfield>
  </datafield>
  <datafield tag="264" ind1="#" ind2="1">
   <subfield code="c">2008</subfield>
  </datafield>
  <datafield tag="520" ind1="#" ind2="#">
   <subfield code="a">The original symposium question is rephrased in this article to start with the general one: &quot;Is there (still) a Public administration?&quot; with &quot;...in the Philippines?&quot; as a concluding subtext. &quot;Yes&quot; is the answer to both. But as a field of study and practice, Public Administration (PA) has undergone a number of identity crises and conceptual challenges from within and without. This article briefly describes and discusses the gauntlet presented by such key concepts as public management and public policy, e-government, and governmentality (the neologism coined by the French social historian and philosopher, Michel Foucault). PA has been buffeted by reforms and movements to broaden its concerns, to emulate private management, to adopt new technology, and to recognize a disaggregated and decentered (yet globalized) world in which the state and government are just two of the important actors.</subfield>
  </datafield>
  <datafield tag="650" ind1="1" ind2="0">
   <subfield code="a">Development administration</subfield>
  </datafield>
  <datafield tag="650" ind1="2" ind2="0">
   <subfield code="a">Governance</subfield>
  </datafield>
  <datafield tag="650" ind1="2" ind2="0">
   <subfield code="a">Government information</subfield>
   <subfield code="x">Internet resources</subfield>
  </datafield>
  <datafield tag="650" ind1="2" ind2="0">
   <subfield code="a">Government productivity</subfield>
   <subfield code="x">Philippines</subfield>
  </datafield>
  <datafield tag="650" ind1="2" ind2="0">
   <subfield code="a">Holism</subfield>
  </datafield>
  <datafield tag="650" ind1="2" ind2="0">
   <subfield code="a">Information and communication technologies</subfield>
  </datafield>
  <datafield tag="650" ind1="2" ind2="0">
   <subfield code="a">Public administration</subfield>
  </datafield>
  <datafield tag="650" ind1="2" ind2="0">
   <subfield code="a">Public policy (Law)</subfield>
  </datafield>
  <datafield tag="773" ind1="0" ind2="#">
   <subfield code="t">Philippine Journal of Public Administration</subfield>
   <subfield code="g">Vol. LII, no. 2-4 (Apr. 2008 - Oct. 2008), 91-118</subfield>
  </datafield>
  <datafield tag="852" ind1="#" ind2="#">
   <subfield code="a">UPD</subfield>
   <subfield code="b">TMC</subfield>
  </datafield>
  <datafield tag="942" ind1="#" ind2="#">
   <subfield code="a">Article</subfield>
  </datafield>
  <datafield tag="950" ind1="#" ind2="#">
   <subfield code="a">FI</subfield>
  </datafield>
 </record>
</collection>
